00380nam a2200133 a 45000010010000000030011000100080041000210350026000620820016000881000020001042450049001242600056001736500017002290000-9061ELIB.Books110520 1959  a(ELIB.Books)0000-9210 a225.7 bSti aStibbs, Alan M. aTyndale (The First Epistle General of Peter) bGrand Rapids: Wm. B. Eerdmans Publishing Co. c1959 aCommentaries